000 00488nam a2200193Ia 4500
005 20250423095620.0
008 250422s9999 xx 000 0 und d
020 _a078179644X
050 _aR 853.S7 G56/
100 _aGlaser, Anthony N.
245 0 _aHigh-yield biostatistics
250 _a3rd ed.
260 _aPhiladelphia
260 _bLippincott Williams & Wilkins
260 _c2005
300 _a104 p
650 _aMedical statistics. Biometry. Biometry.
942 _cBK
999 _c30811
_d30811